Top 10 Złotej Piłki 2025 - Statystyki

Ogólne statystyki
  • Ten quiz został rozwiązany 76 razy
  • Średni wynik to 9 z 10
Statystyki odpowiedzi
Miejsce Piłkarz Klub Narodowość % Poprawnych
1 Ousmane Dembele Paris Saint-Germain Francja
98%
7 Kylian Mbappe Real Madryt Francja
96%
2 Lamine Yamal FC Barcelona Hiszpania
96%
4 Mohamed Salah FC Liverpool Egipt
92%
6 Achraf Hakimi Paris Saint-Germain Maroko
90%
8 Cole Palmer Chelsea Londyn Anglia
88%
9 Gianluigi Donnarumma Paris Saint-Germain Włochy
88%
5 Raphinha FC Barcelona Brazylia
86%
3 Vitinha Paris Saint-Germain Portugalia
82%
10 Nuno Mendes Paris Saint-Germain Portugalia
71%
Nie znaleziono quizów pasujących do podanych kryteriów
Rozkład punktacji
Procent ludzi z każdym wynikiem
Percentyl według liczby udzielonych odpowiedzi
Twoja historia wyników
Nie rozwiązałeś tego quizu